Object oriented programming in turbo C ++ (Record no. 618)
[ view plain ]
| 000 -LEADER | |
|---|---|
| fixed length control field | 00741nam a22002657a 4500 |
| 008 - FIXED-LENGTH DATA ELEMENTS--GENERAL INFORMATION | |
| fixed length control field | 130825b xxu||||| |||| 00| 0 eng d |
| 020 ## - INTERNATIONAL STANDARD BOOK NUMBER | |
| International Standard Book Number | 81-265-0364-5 |
| 037 ## - SOURCE OF ACQUISITION | |
| Stock number | |
| Source of stock number/acquisition | buy |
| Terms of availability | available |
| 040 ## - CATALOGING SOURCE | |
| Original cataloging agency | MBSTU Library |
| Modifying agency | MBSTU Library |
| 082 ## - DEWEY DECIMAL CLASSIFICATION NUMBER | |
| Edition number | 22 |
| Classification number | 005.262 JOO |
| 100 ## - MAIN ENTRY--PERSONAL NAME | |
| Personal name | N M Josuttis |
| 110 ## - MAIN ENTRY--CORPORATE NAME | |
| Corporate name or jurisdiction name as entry element | |
| 245 ## - TITLE STATEMENT | |
| Title | Object oriented programming in turbo C ++ |
| 250 ## - EDITION STATEMENT | |
| Edition statement | |
| 260 ## - PUBLICATION, DISTRIBUTION, ETC. (IMPRINT) | |
| Place of publication, distribution, etc. | England |
| Name of publisher, distributor, etc. | John Willey and Sons |
| Date of publication, distribution, etc. | 2003 |
| 300 ## - PHYSICAL DESCRIPTION | |
| Extent | 18 cm |
| Other physical details | 610 page |
| Type of unit | 5 |
| Size of unit | 18 cm |
| 600 ## - SUBJECT ADDED ENTRY--PERSONAL NAME | |
| Personal name | Programming Language |
| 610 ## - SUBJECT ADDED ENTRY--CORPORATE NAME | |
| Corporate name or jurisdiction name as entry element | C++ |
| 700 ## - ADDED ENTRY--PERSONAL NAME | |
| Personal name | N M Josuttis |
| 710 ## - ADDED ENTRY--CORPORATE NAME | |
| Corporate name or jurisdiction name as entry element | |
| 270 ## - ADDRESS | |
| Address | Engfland |
| City | Engfland |
| Country | UK |
| 365 ## - TRADE PRICE | |
| Price amount | 385.00 |
| Unit of pricing | 385.00 |
| 942 ## - ADDED ENTRY ELEMENTS (KOHA) | |
| Source of classification or shelving scheme | |
| Koha item type | Books |
No items available.
